|
|
|
|
| LEADER |
00000nab a2200000 a 4500 |
| 001 |
vtls008628468 |
| 003 |
SK-MaSNL |
| 005 |
20260304145613.0 |
| 008 |
250505c2005 xo fr|p|||||||000 b|slo |
| 015 |
|
|
|a SNBRB2006/03
|2 snkbucl
|
| 035 |
|
|
|a (uuid)0b553efa-0156-438e-8e70-6fd26816d3f1
|
| 035 |
|
|
|a urn:nbn:sk:snk-ab9728
|
| 035 |
|
|
|a (urnnbn)urn:nbn:sk:snk:ar-007478
|
| 038 |
|
|
|a SNKBUCL
|
| 040 |
|
|
|a SNKBUCL
|b slo
|c SNKBUCL
|e AACR2
|
| 041 |
0 |
|
|a cze
|b eng
|
| 044 |
|
|
|a xo
|c SK
|
| 080 |
|
|
|a 621.914.014:004.896
|2 1997
|
| 080 |
|
|
|a 004.896
|2 1997
|
| 100 |
1 |
|
|a Sadílek, Marek,
|d 1976-
|4 aut
|9 125621
|
| 245 |
1 |
0 |
|a Zkracování strojního času při frézování kapes
|c M. Sadílek, J. Kratochvíl
|
| 300 |
|
|
|b Obr., sch., tab
|
| 504 |
|
|
|a Bibliogr. odkazy
|
| 546 |
|
|
|a Res. angl.
|
| 650 |
0 |
7 |
|a frézovanie
|2 snkbucl
|9 17281
|
| 650 |
0 |
7 |
|a strojový čas
|2 snkbucl
|9 1468675
|
| 650 |
0 |
7 |
|a CAD/CAM systémy
|2 snkbucl
|9 70012
|
| 700 |
1 |
|
|a Kratochvíl, J.
|4 aut
|9 412440
|
| 773 |
0 |
|
|t Technologické inžinierstvo = Technological engineering
|g Roč. II, č. 1 (2005), s. 57-60
|x 1336-5967
|
| 850 |
|
|
|a Slovenská národná knižnica
|
| 852 |
|
|
|a Slovenská národná knižnica
|
| 958 |
|
|
|a article13
|
| 958 |
|
|
|a OND
|
| 958 |
|
|
|a NB
|
| 958 |
|
|
|a EUIPO
|
| 999 |
|
|
|c 2936138
|d 2938068
|